Statistics for Songs from the First Line(s) - 2016

Click here to take the quiz!

General Stats

  • This quiz has been taken 26 times
  • The average score is 11 of 30

Answer Stats

HintAnswer% Correct
SongsI got this feeling inside my bones / It goes electric, wavy when I turn it on / All through my city, all through my homeSongCan't Stop The Feeling!
81%
SongsBaby, this is what you came for / Lightning strikes every time she moves / And everybody's watchin' herArtist(s)Calvin Harris / Rihanna
76%
SongsHey, I was doing just fine before I met you / I drink too much and that's an issue / But I'm OK / Hey, you tell your friends it was nice to meet themSongCloser
76%
SongsI got this feeling inside my bones / It goes electric, wavy when I turn it on / All through my city, all through my homeArtist(s)Justin Timberlake
76%
SongsHey, I was doing just fine before I met you / I drink too much and that's an issue / But I'm OK / Hey, you tell your friends it was nice to meet themArtist(s)The Chainsmokers / Halsey
76%
SongsBaby, this is what you came for / Lightning strikes every time she moves / And everybody's watchin' herSongThis Is What You Came For
76%
SongsMaybe I'm foolish / Maybe I'm blind / Thinking I can see through this / And see what's behindSongHuman
57%
SongsMaybe I'm foolish / Maybe I'm blind / Thinking I can see through this / And see what's behindArtist(s)Rag'n'Bone Man
52%
SongsI used to believe / We were burnin' on the edge of somethin' beautiful / Somethin' beautifulArtist(s)DJ Snake / Justin Bieber
48%
SongsBaby, I like your style / Grips on your waist / Front way, back wayArtist(s)Drake / Wizkid / Kyla
48%
SongsBaby, I like your style / Grips on your waist / Front way, back waySongOne Dance
48%
SongsI ain't worried 'bout nothin' / I ain't wearin' na nada / I'm sittin' pretty, impatient, but I know you gottaArtist(s)Fifth Harmony / Ty Dolla $ign
38%
SongsI used to believe / We were burnin' on the edge of somethin' beautiful / Somethin' beautifulSongLet Me Love You
38%
SongsI ain't worried 'bout nothin' / I ain't wearin' na nada / I'm sittin' pretty, impatient, but I know you gottaSongWork From Home
33%
SongsTonight / I just wanna take you higher / Throw your hands up in the sky / Let's set this party off rightArtist(s)Bruno Mars
29%
SongsI met you in the dark / You lit me up / You made me feel as though / I was enoughSongSay You Won't Let Go
29%
SongsTonight / I just wanna take you higher / Throw your hands up in the sky / Let's set this party off rightSong24K Magic
24%
SongsI just heard you found the one you've been looking— / You've been looking for / I wish I would have known that wasn't meArtist(s)Charlie Puth / Selena Gomez
24%
SongsDrink from me, drink from me / That I shoot across the sky / Symphony / That I shoot across the skyArtist(s)Coldplay / Beyoncé
24%
SongsI met you in the dark / You lit me up / You made me feel as though / I was enoughArtist(s)James Arthur
24%
SongsI torture you / Take my hand through the flames / I torture you / I'm a slave to your gamesArtist(s)Lil Wayne / Wiz Khalifa / Imagine Dragons / Logic / Ty Dolla Sign / X Ambassadors
19%
SongsI know that I am runnin' out of time / I want it all, mm, mm / And I'm wishin' they'd stop tryna turn me offArtist(s)P!nk
19%
SongsCall it love and devotion / Call it a mom's adoration / Foundation / A special bond of creation,SongRockabye
19%
SongsDrink from me, drink from me / That I shoot across the sky / Symphony / That I shoot across the skySongHymn For The Weekend
14%
SongsI just heard you found the one you've been looking— / You've been looking for / I wish I would have known that wasn't meSongWe Don't Talk Anymore
14%
SongsCall it love and devotion / Call it a mom's adoration / Foundation / A special bond of creation,Artist(s)Clean Bandit / Anne-Marie / Sean Paul
10%
SongsHadn't had a good time / Since you know when / Got talked into going out / With hopes you were staying inSongHurricane
10%
SongsI know that I am runnin' out of time / I want it all, mm, mm / And I'm wishin' they'd stop tryna turn me offSongJust Like Fire
10%
SongsHadn't had a good time / Since you know when / Got talked into going out / With hopes you were staying inArtist(s)Luke Combs
10%
SongsI torture you / Take my hand through the flames / I torture you / I'm a slave to your gamesSongSucker For Pain
10%

Score Distribution

Percentile by Number Answered

Percent of People with Each Score

Your Score History

You have not taken this quiz